Návrh opatrení na zdokonalenie systému vzdelávania zamestnancov v spoločnosti Sapa Profily, a.s. : Bakalárska práca

Salvato in:
Dettagli Bibliografici
Autore principale: Rozenberg, Martin, 1989- (Autore)
Altri autori: Čambál, Miloš, 1966- (Relatore della tesi)
Natura: Manoscritto Libro
Lingua:slovacco
Pubblicazione: Trnava : STU v Bratislave MTF UPMK, 2011
Soggetti:
Accesso online:VAIS
Tags: Aggiungi Tag
Nessun Tag, puoi essere il primo ad aggiungerne!!

MARC

LEADER 00000ntm a22000003a 4500
001 stu231167
005 20160719160526.0
008 110712s2011----xo------------------slo-d
040 |a STU  |b slo 
041 0 |a slo 
044 |a xo 
100 1 |a Rozenberg, Martin,  |d 1989-  |4 aut  |X 59797  |7 A000059797 
242 0 0 |a Proposal for measures to improve the education of employees in Sapa Profiles, Inc.  |y eng 
245 1 |a Návrh opatrení na zdokonalenie systému vzdelávania zamestnancov v spoločnosti Sapa Profily, a.s. :  |b Bakalárska práca 
260 |a Trnava :  |b STU v Bratislave MTF UPMK,  |c 2011 
300 |a 65 s., CD-ROM 
650 7 |a priemyselné manažérstvo  |2 stusub 
650 7 |a Industrial Management  |2 estusub 
700 1 |a Čambál, Miloš,  |d 1966-  |4 ths  |u M4000  |U MTF Materiálovotechnologická fakulta  |T MTF Ústav priemyselného inžinierstva a manažmentu  |X 279  |U M4000  |Y 84  |7 A000000279 
856 4 |a info a plný text  |u http://is.stuba.sk/zp/portal_zp.pl?podrobnosti=84623  |3 VAIS 
996 |c M*BP-5477  |l MMSKP  |s P  |a 0  |w stu231167_0001